00348nam a2200109 a 450000500170000000800410001705000180005810000240007624500790010026000410017944000180022020140414131856.0100828s19uu xx 00 eng d aFILbN62 2000 aJocano, Mary Juliet aSi NingNing Kuting at ang pusang gala :bKitty Ningning and the stray cat. aManila, Philippines :bHiyas,c2000. aTutubi Patrol